| 000 | 01239 a2200217 4500 | ||
|---|---|---|---|
| 005 | 20080912113346.0 | ||
| 008 | 080912t xxu||||| |||| 00| 0 hin d | ||
| 010 | _aHIN-79827 | ||
| 020 | _c150.00 | ||
| 035 | _aHN-52173 | ||
| 037 | _bD.B.Act / pub | ||
| 082 | _a641.5636 | ||
| 100 | _aअग्रवाल, वन्दना | ||
| 245 |
_aशाकाहारी व्यंजन _cवन्दना अग्रवाल _b(150 से अधिक सरल,किफायती और स्वादिष्ट व्यंजन बनाने की विधियाँ) |
||
| 246 |
_aShakahari Vaijan _bby Vandana Agarwal |
||
| 260 |
_aदिल्ली _bवर्ल्ड बुक कम्पनी _c2005 |
||
| 270 |
_aचावड़ी बाजार, पोस्ट बाँक्स नं.1300 _bदिल्ली _e110006 |
||
| 300 |
_a160पृ. _c22 सेमी (अजिल्द) _b(सचित्र) |
||
| 942 |
_adpl _cHN _k641.5636 / अग्रवा _2ddc _h641.5636 _mअग्रवा |
||
| 999 |
_c3838 _d3838 |
||